हिन्दी काव्यशास्त्र (Record no. 2808)

MARC details
000 -LEADER
fixed length control field 01177 a2200241 4500
005 - DATE AND TIME OF LATEST TRANSACTION
control field 20080910141711.0
008 - FIXED-LENGTH DATA ELEMENTS--GENERAL INFORMATION
fixed length control field 080910t xxu||||| |||| 00| 0 hin d
010 ## - LIBRARY OF CONGRESS CONTROL NUMBER
LC control number HIN-79471
020 ## - INTERNATIONAL STANDARD BOOK NUMBER
International Standard Book Number 8170563623
Terms of availability 250.00
035 ## - SYSTEM CONTROL NUMBER
System control number HN-51817
037 ## - SOURCE OF ACQUISITION
Source of stock number/acquisition D.B.Act / pub
082 ## - DEWEY DECIMAL CLASSIFICATION NUMBER
Classification number 821.08
100 ## - MAIN ENTRY--PERSONAL NAME
Personal name साहू, रामदेव
245 ## - TITLE STATEMENT
Title हिन्दी काव्यशास्त्र
Statement of responsibility, etc रामदेव साहू
246 ## - VARYING FORM OF TITLE
Title proper/short title Hindi kavyashastra
Remainder of title by Ramdev Sahu
260 ## - PUBLICATION, DISTRIBUTION, ETC. (IMPRINT)
Place of publication, distribution, etc जयपुर
Name of publisher, distributor, etc पंचशील प्रकाशन
Date of publication, distribution, etc 2006
270 ## - ADDRESS
Address फिल्म कालोनी,चौड़ा रास्ता
City जयपुर
Postal code 302003
Telephone number 0141-2315072
Fax number 5113854
Electronic mail address panchsheel_j@sify.com
300 ## - PHYSICAL DESCRIPTION
Extent 168पृ
Dimensions 22 सेमी (सजिल्द)
650 ## - SUBJECT ADDED ENTRY--TOPICAL TERM
Topical term or geographic name as entry element हिन्दी काव्यशास्त्र
650 ## - SUBJECT ADDED ENTRY--TOPICAL TERM
Topical term or geographic name as entry element Hindi poetics
942 ## - ADDED ENTRY ELEMENTS (KOHA)
Institution code [OBSOLETE] dpl
Koha item type Hindi Books
Call number prefix 821.08 / साहूरा
Source of classification or shelving scheme Dewey Decimal Classification
Classification part 821.08
Call number suffix साहूरा
Holdings
Withdrawn status Lost status Damaged status Not for loan Home library Current library Date acquired Cost, normal purchase price Total Checkouts Full call number Barcode Date last seen Copy number Uniform Resource Identifier Cost, replacement price Price effective from Koha item type
        D.B.Act.Division D.B.Act.Division 10/09/2008 250.00   821.08 साहूरा HN-51817 15/09/2008 1 2997 250.00 15/09/2008 Hindi Books

© Delhi Public Library
Hit Counter
free hit counter